[Event "ENCI Limburg-open A"]
[Site "Maastricht"]
[Date "2007.05.26"]
[Round "2"]
[White "Dambacher, Martijn"]
[Black "Bus, Tom"]
[Result "1-0"]
[WhiteElo "2466"]
[BlackElo "2230"]
[PlyCount "75"]
[EventDate "2007.05.25"]
[EventType "swiss"]
[EventRounds "7"]
[EventCountry "NED"]
[Source "P.Boonen"]
[SourceDate "2010.01.01"]

1. d4 Nf6 2. c4 c5 3. d5 b5 4. cxb5 a6 5. bxa6 g6 6. Nc3 Bxa6 7. g3 Bg7 8. Bg2
d6 9. Nf3 O-O 10. O-O Nbd7 11. Qc2 Qa5 12. Rd1 Rfb8 13. Rb1 Ng4 14. Bd2 Nge5
15. Nxe5 Nxe5 16. b3 c4 17. h3 cxb3 18. axb3 Qc7 19. Rdc1 Bc8 20. f4 Nd7 21.
Kh2 f5 22. Qd1 Qa7 23. e4 fxe4 24. Nxe4 Nf6 25. Ng5 Bf5 26. Qe2 Qd7 27. Ra1
Rxa1 28. Rxa1 Ne4 29. Ra3 Nxg5 30. fxg5 Bb2 31. Ra2 Rxb3 32. Bf4 Bg7 33. g4 Bd3
34. Ra8+ Bf8 35. Qf2 Qb7 36. Rd8 Rb2 37. Bd2 Bf5 38. gxf5 1-0

[Event "ENCI Limburg-open A"]
[Site "Maastricht"]
[Date "2007.05.26"]
[Round "2"]
[White "Dek, Lennart"]
[Black "Van der Zwet, Bart"]
[Result "1-0"]
[WhiteElo "2196"]
[BlackElo "2000"]
[PlyCount "57"]
[EventDate "2007.05.25"]
[EventType "swiss"]
[EventRounds "7"]
[EventCountry "NED"]
[Source "P.Boonen"]
[SourceDate "2010.01.01"]

1. e4 e6 2. Nf3 d5 3. Nc3 dxe4 4. Nxe4 Nf6 5. Nxf6+ gxf6 6. d4 c6 7. Bd3 Nd7 8.
O-O Qc7 9. Qe2 b6 10. c4 Bb7 11. Bd2 O-O-O 12. b4 e5 13. Bc3 Re8 14. Bf5 Bg7
15. dxe5 Kb8 16. Rad1 Nf8 17. Rfe1 fxe5 18. Nxe5 Ka8 19. Qf3 Ng6 20. Nxg6 Rxe1+
21. Rxe1 fxg6 22. Be4 Rf8 23. Qe3 Qf7 24. Bxg7 Qxg7 25. b5 Rc8 26. bxc6 Ba6 27.
Qa3 Re8 28. Qxa6 Rxe4 29. Qc8# 1-0

[Event "ENCI Limburg-open A"]
[Site "Maastricht"]
[Date "2007.05.26"]
[Round "2"]
[White "Driessens, Patrick"]
[Black "Berg, Emanuel"]
[Result "0-1"]
[WhiteElo "2276"]
[BlackElo "2574"]
[PlyCount "82"]
[EventDate "2007.05.25"]
[EventType "swiss"]
[EventRounds "7"]
[EventCountry "NED"]
[Source "P.Boonen"]
[SourceDate "2010.01.01"]

1. d4 e6 2. c4 Nf6 3. Nf3 b6 4. a3 Ba6 5. Qc2 Bb7 6. Nc3 c5 7. e4 cxd4 8. Nxd4
Bc5 9. Nb3 Nc6 10. Bd3 Ng4 11. Nxc5 bxc5 12. Nb5 O-O 13. Be2 Nf6 14. Bg5 a6 15.
Nd6 Qc7 16. Bxf6 Qxd6 17. Rd1 Nd4 18. Bxd4 cxd4 19. O-O e5 20. f4 Qc5 21. Kh1
f6 22. b4 Qc6 23. c5 Kh8 24. Bc4 a5 25. Bd5 Qc7 26. b5 Rac8 27. Rc1 f5 28. fxe5
fxe4 29. Rxf8+ Rxf8 30. Qxe4 Qxc5 31. Rd1 Bxd5 32. Qg4 Be6 33. Qh4 Qxb5 34. h3
Qxe5 35. Qe7 Qf6 36. Qd6 h6 37. Rxd4 Qf1+ 38. Kh2 Rf2 39. Qg3 Rf5 40. Qg6 Rf6
41. Qe4 Qf5 0-1

[Event "ENCI Limburg-open A"]
[Site "Maastricht"]
[Date "2007.05.26"]
[Round "2"]
[White "Friese, Henning"]
[Black "Dobrev, Nanko"]
[Result "0-1"]
[WhiteElo "2077"]
[BlackElo "2467"]
[PlyCount "82"]
[EventDate "2007.05.25"]
[EventType "swiss"]
[EventRounds "7"]
[EventCountry "NED"]
[Source "P.Boonen"]
[SourceDate "2010.01.01"]

1. d4 d5 2. c4 e6 3. Nc3 Nf6 4. cxd5 exd5 5. Bg5 Be7 6. Qc2 Na6 7. a3 c6 8. e3
Nc7 9. Bd3 Ne6 10. Bh4 g6 11. Nf3 Ng7 12. O-O Bf5 13. b4 a6 14. Bxf6 Bxf6 15.
a4 Rc8 16. Nd2 O-O 17. Nb3 Re8 18. Nc5 Re7 19. Rfd1 a5 20. bxa5 Qxa5 21. Nb3
Qd8 22. a5 Ra8 23. Na4 Qe8 24. Rdc1 Rxe3 25. fxe3 Qxe3+ 26. Qf2 Qxf2+ 27. Kxf2
Bxd3 28. Nac5 Bc4 29. Kf3 Nf5 30. Rd1 Kg7 31. Rac1 h5 32. Rc3 Re8 33. Rd2 Re1
34. g3 Bg5 35. Rg2 Ne3 36. Nd3 Rf1+ 37. Rf2 Rg1 38. Nb2 Nd1 39. Nxd1 Rxd1 40.
h4 Bh6 41. Rd2 Bxb3 0-1

[Event "ENCI Limburg-open A"]
[Site "Maastricht"]
[Date "2007.05.26"]
[Round "2"]
[White "Geboers, Jimmy"]
[Black "Larmuseau, Michiel"]
[Result "1-0"]
[WhiteElo "1959"]
[BlackElo "1850"]
[PlyCount "71"]
[EventDate "2007.05.25"]
[EventType "swiss"]
[EventRounds "7"]
[EventCountry "NED"]
[Source "P.Boonen"]
[SourceDate "2010.01.01"]

1. d4 e6 2. e4 d5 3. Nc3 Bb4 4. e5 c5 5. a3 Bxc3+ 6. bxc3 Ne7 7. Bd3 Bd7 8. Qg4
Ng6 9. h4 c4 10. h5 Ne7 11. Be2 Nf5 12. Nf3 Nc6 13. Nh4 Nce7 14. Nxf5 Nxf5 15.
Qh3 Qa5 16. Bd2 O-O-O 17. g4 Ne7 18. Bg5 Rde8 19. Bxe7 Rxe7 20. O-O h6 21. f4
f5 22. gxf5 exf5 23. Rab1 g5 24. hxg6 Rg7 25. Bh5 Qa6 26. Rb4 Rf8 27. Rfb1 Be8
28. Kh2 Bxg6 29. Rg1 Rfg8 30. Bxg6 Rxg6 31. Qxf5+ Kb8 32. Rxg6 Qxg6 33. Qxg6
Rxg6 34. f5 Rg5 35. e6 Kc7 36. e7 1-0

[Event "ENCI Limburg-open A"]
[Site "Maastricht"]
[Date "2007.05.26"]
[Round "2"]
[White "Gras, Guillaume"]
[Black "Van Eijk, Sander"]
[Result "0-1"]
[WhiteElo "2072"]
[BlackElo "2259"]
[PlyCount "111"]
[EventDate "2007.05.25"]
[EventType "swiss"]
[EventRounds "7"]
[EventCountry "NED"]
[Source "P.Boonen"]
[SourceDate "2010.01.01"]

1. d4 Nf6 2. Nf3 e6 3. e3 b6 4. Bd3 Bb7 5. Nbd2 g6 6. e4 Bg7 7. O-O d6 8. Re1
Nbd7 9. Nf1 O-O 10. Ng3 h6 11. h3 e5 12. dxe5 dxe5 13. Be3 Qe7 14. Qd2 Kh7 15.
Nh4 Rfd8 16. Rad1 Nc5 17. Bxc5 Qxc5 18. Qe2 Qe7 19. Nf3 Nd7 20. h4 Nc5 21. Bc4
Ne6 22. Bxe6 Qxe6 23. b3 Bf8 24. Rd3 Rxd3 25. Qxd3 Bd6 26. h5 a5 27. a4 Rd8 28.
Rd1 Re8 29. Nh2 Qf6 30. Ng4 Qf4 31. Qc4 Re7 32. Ne3 Bc5 33. Rd8 Bxe3 34. hxg6+
Kxg6 35. Rg8+ Kh7 36. Rg7+ Kxg7 37. Nh5+ Kg6 38. Nxf4+ Bxf4 39. Qe2 Bc8 40. g3
Bg5 41. Qf3 h5 42. Qd3 Be6 43. Qd8 Bf6 44. f4 Rd7 45. Qg8+ Kh6 46. Qf8+ Bg7 47.
Qe8 exf4 48. gxf4 Rd1+ 49. Kg2 Rd2+ 50. Kg3 Rxc2 51. f5 Bxb3 52. e5 Re2 53.
Qc6+ Kh7 54. f6 Bh6 55. Qxc7 Be6 56. Qb8 0-1

[Event "ENCI Limburg-open A"]
[Site "Maastricht"]
[Date "2007.05.26"]
[Round "2"]
[White "Hahn, Gerard"]
[Black "Dunn, Alan"]
[Result "1/2-1/2"]
[WhiteElo "2005"]
[BlackElo "2164"]
[PlyCount "75"]
[EventDate "2007.05.25"]
[EventType "swiss"]
[EventRounds "7"]
[EventCountry "NED"]
[Source "P.Boonen"]
[SourceDate "2010.01.01"]

1. e4 c5 2. Nf3 d6 3. d4 cxd4 4. Nxd4 Nf6 5. Nc3 a6 6. Be2 e5 7. Nb3 Be7 8. O-O
O-O 9. f4 exf4 10. Bxf4 Nc6 11. h3 Be6 12. Qd2 Ne5 13. Rad1 Rc8 14. Kh1 b5 15.
a3 Qb6 16. Nd4 Bd7 17. Nf5 Bxf5 18. exf5 b4 19. axb4 Qxb4 20. Bxa6 Rc6 21. Bxe5
dxe5 22. Bd3 Qxb2 23. Ne4 Rd8 24. Nxf6+ Bxf6 25. Qe2 Rcd6 26. Rb1 Qc3 27. Qe1
Qc8 28. Rb4 Rd4 29. Rxd4 Rxd4 30. Rf3 Qa8 31. Re3 Ra4 32. Qg3 h6 33. Qf3 Ra1+
34. Kh2 Qxf3 35. Rxf3 Re1 36. Rf1 Re3 37. Rf3 Rxf3 38. gxf3 1/2-1/2

[Event "ENCI Limburg-open A"]
[Site "Maastricht"]
[Date "2007.05.26"]
[Round "2"]
[White "Kamps, Jacques"]
[Black "Caessens, Rob"]
[Result "0-1"]
[WhiteElo "2102"]
[BlackElo "2221"]
[PlyCount "100"]
[EventDate "2007.05.25"]
[EventType "swiss"]
[EventRounds "7"]
[EventCountry "NED"]
[Source "P.Boonen"]
[SourceDate "2010.01.01"]

1. e4 d6 2. d4 Nf6 3. Nc3 g6 4. Nf3 Bg7 5. Be3 a6 6. Qd2 b5 7. Bd3 Bb7 8. Bh6
O-O 9. Bxg7 Kxg7 10. e5 Ng8 11. O-O-O Nc6 12. Ne4 Qd7 13. h4 Nxd4 14. Nxd4 c5
15. e6 fxe6 16. Bxb5 Qc8 17. Bd7 Qxd7 18. Nxc5 Qc8 19. Ncxe6+ Kh8 20. Nxf8 Qxf8
21. h5 gxh5 22. Rxh5 Qf7 23. Ra5 Be4 24. f3 Bg6 25. g4 Rc8 26. c3 Rc5 27. Rxa6
Qd5 28. f4 Qb7 29. Ra3 Qe4 30. Nc2 Rd5 31. Qf2 Rxd1+ 32. Kxd1 Nf6 33. g5 Qh1+
34. Ne1 Ng4 35. Qd4+ Kg8 36. Qc4+ Kg7 37. Qd4+ Kg8 38. Ra5 Bh5 39. Qd5+ Qxd5+
40. Rxd5 Ne3+ 41. Kd2 Nxd5 42. Nd3 Bg6 43. c4 Bxd3 44. Kxd3 Nxf4+ 45. Ke4 Ne6
46. Kf5 Kf7 47. a4 Nd4+ 48. Ke4 Nb3 49. Kd5 Ke8 50. Kc6 e5 0-1

[Event "ENCI Limburg-open A"]
[Site "Maastricht"]
[Date "2007.05.26"]
[Round "2"]
[White "Klein, Gernot"]
[Black "Snoeck, Rene"]
[Result "0-1"]
[WhiteElo "1988"]
[BlackElo "1897"]
[PlyCount "45"]
[EventDate "2007.05.25"]
[EventType "swiss"]
[EventRounds "7"]
[EventCountry "NED"]
[Source "P.Boonen"]
[SourceDate "2010.01.01"]

1. e4 c6 2. d4 d5 3. Nc3 dxe4 4. Nxe4 Nf6 5. Ng5 Bf5 6. Bc4 e6 7. Ne2 h6 8. Nf3
Bd6 9. Bf4 O-O 10. h3 Bxf4 11. Nxf4 Qd6 12. Nd3 Bxd3 13. Bxd3 Qb4+ 14. Kf1 Qxb2
15. Rb1 Qxa2 16. Rxb7 Nbd7 17. Kg1 Rfb8 18. Rxb8+ Rxb8 19. Kh2 Qa5 20. Re1 c5
21. Ne5 cxd4 22. Nxd7 Nxd7 23. Qg4 0-1

[Event "ENCI Limburg-open A"]
[Site "Maastricht"]
[Date "2007.05.26"]
[Round "2"]
[White "Koenig, Christian"]
[Black "Burg, Brent"]
[Result "1-0"]
[WhiteElo "2185"]
[BlackElo "1972"]
[PlyCount "119"]
[EventDate "2007.05.25"]
[EventType "swiss"]
[EventRounds "7"]
[EventCountry "NED"]
[Source "P.Boonen"]
[SourceDate "2010.01.01"]

1. d4 d6 2. c4 f5 3. Nc3 Nf6 4. f3 e5 5. dxe5 dxe5 6. Qxd8+ Kxd8 7. Bg5 c6 8.
e4 h6 9. Bxf6+ gxf6 10. O-O-O+ Kc7 11. Bd3 f4 12. g3 fxg3 13. hxg3 Rg8 14. Nge2
Na6 15. Na4 Be6 16. a3 Nc5 17. Nxc5 Bxc5 18. Kc2 Bf8 19. g4 Rd8 20. Kc3 Rg5 21.
Ng3 Rd7 22. b4 Rd4 23. Rd2 Rd7 24. Rdh2 b6 25. Rb2 Rh7 26. a4 a5 27. b5 Bc5 28.
Rbh2 Bb4+ 29. Kb2 Bf8 30. Nf5 Bxf5 31. exf5 c5 32. Be4 Rg8 33. Kc2 Rgh8 34. Kd3
Rd7+ 35. Bd5 Rdh7 36. Ke4 Bd6 37. Be6 Be7 38. Rd2 Bd6 39. Bd5 Be7 40. Bc6 Bd6
41. Kd5 Rf8 42. Rdh2 Rd8 43. Ke4 Rdh8 44. Rh5 Be7 45. Bd5 Bd6 46. Be6 Kd8 47.
g5 fxg5 48. f6 Re8 49. Bf5 Rf7 50. Bg6 Rxf6 51. Bxe8 Kxe8 52. Rxh6 Rf4+ 53. Ke3
Kd7 54. Rd1 Rd4 55. Rxd4 exd4+ 56. Ke4 Kc7 57. Rh7+ Kc8 58. Kd5 Bc7 59. Kc6 Bd8
60. Rf7 1-0

[Event "ENCI Limburg-open A"]
[Site "Maastricht"]
[Date "2007.05.26"]
[Round "2"]
[White "Korneev, Oleg"]
[Black "Konings, Frans"]
[Result "1-0"]
[WhiteElo "2565"]
[BlackElo "2246"]
[PlyCount "79"]
[EventDate "2007.05.25"]
[EventType "swiss"]
[EventRounds "7"]
[EventCountry "NED"]
[Source "P.Boonen"]
[SourceDate "2010.01.01"]

1. e4 c5 2. Nf3 Nc6 3. d4 cxd4 4. Nxd4 Nf6 5. Nc3 e5 6. Ndb5 d6 7. Bg5 a6 8.
Na3 b5 9. Nd5 Be7 10. Bxf6 Bxf6 11. c4 b4 12. Nc2 Rb8 13. b3 O-O 14. g3 Be7 15.
Bg2 Be6 16. O-O Qd7 17. Qd3 a5 18. Rad1 Rfd8 19. f4 f6 20. Kh1 Qa7 21. h4 Bf8
22. f5 Bf7 23. g4 Ne7 24. Nde3 Kh8 25. g5 Nc8 26. Ng4 Be7 27. Nce3 Nb6 28. g6
Bg8 29. h5 h6 30. Nxh6 gxh6 31. Ng4 Bf8 32. Nxf6 Qe7 33. Nxg8 Qh4+ 34. Qh3
Qxh3+ 35. Bxh3 Kxg8 36. f6 Nd7 37. Be6+ Kh8 38. g7+ Bxg7 39. fxg7+ Kxg7 40.
Rf7+ 1-0

[Event "ENCI Limburg-open A"]
[Site "Maastricht"]
[Date "2007.05.26"]
[Round "2"]
[White "Kritz, Leonid"]
[Black "Moors, Hans"]
[Result "1-0"]
[WhiteElo "2593"]
[BlackElo "2280"]
[PlyCount "53"]
[EventDate "2007.05.25"]
[EventType "swiss"]
[EventRounds "7"]
[EventCountry "NED"]
[Source "P.Boonen"]
[SourceDate "2010.01.01"]

1. e4 e6 2. d4 d5 3. Nc3 Bb4 4. e5 c5 5. a3 Bxc3+ 6. bxc3 Qc7 7. Qg4 f5 8. Qg3
cxd4 9. cxd4 Ne7 10. Bd2 O-O 11. Bd3 b6 12. Ne2 Ba6 13. Nf4 Qc8 14. h4 Bxd3 15.
cxd3 Nbc6 16. Rc1 Rf7 17. h5 Qd7 18. h6 Raf8 19. hxg7 Rxg7 20. Qh4 Ng6 21. Nxg6
hxg6 22. Bg5 Rc8 23. Qh6 Kf7 24. Bf6 Rcg8 25. Qg5 Ne7 26. Rc3 Kf8 27. Ke2 1-0

[Event "ENCI Limburg-open A"]
[Site "Maastricht"]
[Date "2007.05.26"]
[Round "2"]
[White "L'Ami, Erwin"]
[Black "Luch, Michael"]
[Result "1-0"]
[WhiteElo "2617"]
[BlackElo "2336"]
[PlyCount "83"]
[EventDate "2007.05.25"]
[EventType "swiss"]
[EventRounds "7"]
[EventCountry "NED"]
[Source "P.Boonen"]
[SourceDate "2010.01.01"]

1. d4 e6 2. e4 d5 3. Nc3 dxe4 4. Nxe4 Bd7 5. Nf3 Bc6 6. Bd3 Nd7 7. O-O Ngf6 8.
Ned2 Be7 9. Nc4 Bd5 10. Nce5 Nxe5 11. Nxe5 O-O 12. Qe2 c5 13. dxc5 Bxc5 14. Bg5
Be7 15. Rad1 Qc7 16. c4 Bc6 17. b4 Rad8 18. b5 Be8 19. f4 Qc5+ 20. Kh1 Nd7 21.
Qe4 f5 22. Nxd7 Rxd7 23. Qxe6+ Kh8 24. Rfe1 Bxg5 25. fxg5 Rd8 26. Bf1 Bf7 27.
Qe2 Rde8 28. Qf3 Rxe1 29. Rxe1 b6 30. Qe3 Rc8 31. Qxc5 Rxc5 32. Re7 Kg8 33.
Rxa7 Bxc4 34. Bxc4+ Rxc4 35. Kg1 Rc2 36. a4 Rb2 37. h4 g6 38. g3 Rb4 39. Kf2 f4
40. gxf4 Rxf4+ 41. Ke3 Rxh4 42. a5 1-0

[Event "ENCI Limburg-open A"]
[Site "Maastricht"]
[Date "2007.05.26"]
[Round "2"]
[White "Laarhoven, Thijs"]
[Black "Heinen, Igor"]
[Result "1/2-1/2"]
[WhiteElo "2117"]
[BlackElo "1921"]
[PlyCount "113"]
[EventDate "2007.05.25"]
[EventType "swiss"]
[EventRounds "7"]
[EventCountry "NED"]
[Source "P.Boonen"]
[SourceDate "2010.01.01"]

1. e4 c6 2. d4 d5 3. Nc3 dxe4 4. Nxe4 Nf6 5. Nxf6+ exf6 6. Be2 Bd6 7. Nf3 O-O
8. O-O Re8 9. c4 Nd7 10. Be3 f5 11. Re1 Qc7 12. Bd3 Nf8 13. Qc2 g6 14. Bd2 Be6
15. Rac1 f6 16. Qb1 Bf4 17. d5 Bxd2 18. Nxd2 Bd7 19. dxc6 Bxc6 20. b4 Qf4 21.
Qc2 Qg5 22. Bf1 Ne6 23. Qc3 Nf4 24. Qg3 Nh3+ 25. Qxh3 Qxd2 26. Qc3 Qxc3 27.
Rxe8+ Rxe8 28. Rxc3 Re1 29. f3 a6 30. Rb3 b5 31. Kf2 Rc1 32. cxb5 axb5 33. a3
Rc2+ 34. Ke3 Kf7 35. Rd3 Ke7 36. Rd2 Rc3+ 37. Rd3 Rc2 38. h3 h5 39. Rd2 Rc3+
40. Rd3 Rc2 41. Rd2 Rc3+ 42. Kd4 Rxa3 43. Kc5 Rc3+ 44. Kb6 g5 45. Bxb5 Bxb5 46.
Kxb5 g4 47. fxg4 fxg4 48. hxg4 hxg4 49. Ka6 Ra3+ 50. Kb6 f5 51. b5 f4 52. Rd4
Rg3 53. Rxf4 Rxg2 54. Kb7 Rg1 55. b6 g3 56. Rg4 g2 57. Kb8 1/2-1/2

[Event "ENCI Limburg-open A"]
[Site "Maastricht"]
[Date "2007.05.26"]
[Round "2"]
[White "Miedema, Roi"]
[Black "Ekat, Michael"]
[Result "1-0"]
[WhiteElo "2248"]
[BlackElo "2008"]
[PlyCount "61"]
[EventDate "2007.05.25"]
[EventType "swiss"]
[EventRounds "7"]
[EventCountry "NED"]
[Source "P.Boonen"]
[SourceDate "2010.01.01"]

1. d4 Nf6 2. c4 e6 3. Nc3 d5 4. cxd5 exd5 5. Bg5 Be7 6. e3 O-O 7. Bd3 c6 8. Qc2
h6 9. Bh4 Re8 10. Nf3 Ne4 11. Bxe7 Qxe7 12. Bxe4 dxe4 13. Nd2 c5 14. dxc5 Qxc5
15. Ndxe4 Qc6 16. Ng3 Na6 17. O-O Be6 18. Rfd1 Rac8 19. Rd4 b5 20. Qe2 Bc4 21.
Qg4 Be6 22. Qh4 Nc5 23. Rad1 a5 24. Nh5 b4 25. Qg3 g6 26. Nf6+ Kf8 27. Nxe8
bxc3 28. Nd6 cxb2 29. Nxc8 Ne4 30. Rd8+ Kg7 31. Qe5+ 1-0

[Event "ENCI Limburg-open A"]
[Site "Maastricht"]
[Date "2007.05.26"]
[Round "2"]
[White "Mull, Thomas"]
[Black "Ringoir, Tanguy"]
[Result "0-1"]
[WhiteElo "2042"]
[BlackElo "2199"]
[PlyCount "90"]
[EventDate "2007.05.25"]
[EventType "swiss"]
[EventRounds "7"]
[EventCountry "NED"]
[Source "P.Boonen"]
[SourceDate "2010.01.01"]

1. e4 c5 2. Nf3 d6 3. Bb5+ Bd7 4. Bxd7+ Qxd7 5. O-O Nc6 6. b3 Nf6 7. Re1 e6 8.
Bb2 Be7 9. d4 d5 10. e5 Ne4 11. Nbd2 Nxd2 12. Qxd2 Rc8 13. a3 Qc7 14. dxc5 Bxc5
15. Qg5 O-O 16. Qh4 Ne7 17. Rad1 Nf5 18. Qg4 Qb6 19. Re2 a5 20. Nd4 Bxd4 21.
Bxd4 Nxd4 22. Qxd4 Qxd4 23. Rxd4 Rc3 24. g3 Rfc8 25. Rdd2 b5 26. Kf1 g6 27. Ke1
a4 28. bxa4 bxa4 29. Rd4 Rxa3 30. Kd2 Ra2 31. Kc1 Rb8 32. Re3 Ra1+ 33. Kd2 Ra8
34. Re1 Rxe1 35. Kxe1 a3 36. Rd1 a2 37. Ra1 g5 38. Ke2 g4 39. Ke3 Ra4 40. f4
gxf3 41. Kxf3 Kg7 42. g4 Kg6 43. Kg3 Kg5 44. h4+ Kg6 45. Kf3 h5 0-1

[Event "ENCI Limburg-open A"]
[Site "Maastricht"]
[Date "2007.05.26"]
[Round "2"]
[White "Nelissen, Andy"]
[Black "Wlogalski, Olivier"]
[Result "0-1"]
[WhiteElo "1937"]
[BlackElo "2016"]
[PlyCount "78"]
[EventDate "2007.05.25"]
[EventType "swiss"]
[EventRounds "7"]
[EventCountry "NED"]
[Source "P.Boonen"]
[SourceDate "2010.01.01"]

1. d4 e6 2. Nf3 d5 3. e3 Nf6 4. Bd3 c5 5. c3 Nc6 6. Nbd2 Bd6 7. O-O Qe7 8. dxc5
Bxc5 9. e4 O-O 10. Qe2 e5 11. exd5 Nxd5 12. Bxh7+ Kxh7 13. Qe4+ Kg8 14. Qxd5
Bf5 15. Nb3 Bb6 16. Bg5 Qc7 17. Rad1 Rae8 18. h3 Re6 19. Qd2 f6 20. Be3 Rd8 21.
Qe2 Bxe3 22. Qxe3 Red6 23. Rd2 Rxd2 24. Nfxd2 Rd3 25. Qe2 Ne7 26. Nc1 Rd5 27.
Re1 Qd7 28. Nf1 Ng6 29. Nb3 Nf4 30. Qf3 Bg6 31. Ne3 Rd6 32. Kh2 Bh5 33. g4 Bf7
34. Nf5 Rd3 35. Re3 Rd1 36. Nc5 Qd2 37. b4 Ra1 38. Nd3 Nd5 39. Qe2 Nxe3 0-1

[Event "ENCI Limburg-open A"]
[Site "Maastricht"]
[Date "2007.05.26"]
[Round "2"]
[White "Ouwersloot, Hans"]
[Black "Miesen, Fabian"]
[Result "1-0"]
[WhiteElo "1949"]
[BlackElo "2166"]
[PlyCount "117"]
[EventDate "2007.05.25"]
[EventType "swiss"]
[EventRounds "7"]
[EventCountry "NED"]
[Source "P.Boonen"]
[SourceDate "2010.01.01"]

1. e4 Nc6 2. Nf3 d5 3. exd5 Qxd5 4. Nc3 Qa5 5. Bc4 Bg4 6. h3 Bh5 7. g4 Bg6 8.
d3 O-O-O 9. Bd2 e6 10. a3 Ne5 11. Nb5 Nxf3+ 12. Qxf3 Qb6 13. O-O-O a6 14. Nc3
Ne7 15. Rhe1 Qc6 16. Qxc6 Nxc6 17. Bg5 Be7 18. Bxe7 Nxe7 19. f4 Nc6 20. Ne4 b5
21. Ba2 Bxe4 22. Rxe4 h5 23. f5 hxg4 24. hxg4 exf5 25. gxf5 Rh2 26. Bxf7 Nd4
27. c3 Ne2+ 28. Kb1 Kb7 29. Be6 Rg2 30. d4 Kb6 31. Re1 Ng1 32. R4e3 a5 33. Bf7
c6 34. Re6 Rh8 35. d5 Rhh2 36. Rxc6+ Kb7 37. Re7+ Kb8 38. Re8+ Kb7 39. Re7+ Kb8
40. Rb6+ Ka8 41. Rxb5 Ne2 42. Rxa5+ Kb8 43. Rb5+ Ka8 44. Rxe2 Rxe2 45. Be6 Ka7
46. c4 Rd2 47. c5 Ka6 48. Rb4 Rd1+ 49. Ka2 Rhh1 50. c6 Ra1+ 51. Kb3 Rh3+ 52.
Kc4 Rc1+ 53. Kd4 Ka5 54. Ke5 g6 55. fxg6 Rg3 56. Bf7 Rg5+ 57. Kd6 Rd1 58. c7
Rf5 59. Rb8 1-0

[Event "ENCI Limburg-open A"]
[Site "Maastricht"]
[Date "2007.05.26"]
[Round "2"]
[White "Peek, Maurice"]
[Black "Nabuurs, Mart"]
[Result "1-0"]
[WhiteElo "2365"]
[BlackElo "2096"]
[PlyCount "69"]
[EventDate "2007.05.25"]
[EventType "swiss"]
[EventRounds "7"]
[EventCountry "NED"]
[Source "P.Boonen"]
[SourceDate "2010.01.01"]

1. d4 d5 2. c4 c6 3. cxd5 cxd5 4. Bf4 Nc6 5. Nc3 Nf6 6. e3 Bf5 7. Rc1 e6 8. Qb3
Qd7 9. Nf3 a6 10. Be2 Ne4 11. O-O Nxc3 12. Rxc3 f6 13. Qa4 Ra7 14. Rfc1 Be7 15.
Nh4 Bg6 16. Nxg6 hxg6 17. e4 dxe4 18. Be3 b5 19. Qb3 Nd8 20. d5 Qd6 21. g3 Rd7
22. dxe6 Qxe6 23. Qxe6 Nxe6 24. Rc8+ Bd8 25. R1c6 Nd4 26. Bxd4 Rxd4 27. Rxa6
Rd2 28. Bxb5+ Ke7 29. Ra7+ Ke6 30. Bc4+ Kf5 31. h3 Rxh3 32. Rc5+ Kg4 33. Rd7
Bb6 34. Rxd2 Bxc5 35. Be2+ 1-0

[Event "ENCI Limburg-open A"]
[Site "Maastricht"]
[Date "2007.05.26"]
[Round "2"]
[White "Peric, Mijo"]
[Black "Morren, Eric Jan"]
[Result "1/2-1/2"]
[WhiteElo "2006"]
[BlackElo "1801"]
[PlyCount "60"]
[EventDate "2007.05.25"]
[EventType "swiss"]
[EventRounds "7"]
[EventCountry "NED"]
[Source "P.Boonen"]
[SourceDate "2010.01.01"]

1. e4 e6 2. d4 d5 3. e5 c5 4. c3 Nc6 5. Nf3 Qb6 6. Be2 Bd7 7. a3 Nge7 8. O-O
cxd4 9. b4 dxc3 10. b5 c2 11. Qxc2 Nd4 12. Nxd4 Qxd4 13. Bb2 Qb6 14. a4 Ng6 15.
Qd2 a5 16. Kh1 Bc5 17. Bh5 Ne7 18. Nc3 O-O 19. Ne2 Ng6 20. f4 Rac8 21. Nd4 Bb4
22. Qd3 Rc4 23. Rac1 Rfc8 24. Rxc4 Rxc4 25. Nf3 Qc7 26. Ng5 Bc3 27. Bxg6 fxg6
28. Ba3 Bb4 29. Bb2 Bc3 30. Ba3 Bb4 1/2-1/2

[Event "ENCI Limburg-open A"]
[Site "Maastricht"]
[Date "2007.05.26"]
[Round "2"]
[White "Perrenet, Jacob"]
[Black "In 't Veld, Daan"]
[Result "0-1"]
[WhiteElo "2024"]
[BlackElo "2204"]
[PlyCount "120"]
[EventDate "2007.05.25"]
[EventType "swiss"]
[EventRounds "7"]
[EventCountry "NED"]
[Source "P.Boonen"]
[SourceDate "2010.01.01"]

1. Nc3 c5 2. d4 cxd4 3. Qxd4 Nc6 4. Qh4 Nf6 5. Bg5 e6 6. O-O-O Be7 7. e4 h6 8.
Nf3 Qa5 9. Bb5 Rg8 10. Bd2 a6 11. Bc4 Qh5 12. Qxh5 Nxh5 13. e5 g5 14. g4 Nf4
15. h4 b5 16. hxg5 hxg5 17. Bxf4 gxf4 18. Be2 Bb7 19. Rh7 Rc8 20. Rd2 Na5 21.
Rd4 b4 22. Na4 b3 23. Nc3 bxa2 24. Ra4 Be4 25. Bxa6 Ra8 26. Rxa5 Bxh7 27. Rxa2
Rxg4 28. Nb5 Bd8 29. b4 Be4 30. Nd6+ Ke7 31. Nxe4 Bc7 32. b5 d5 33. exd6+ Bxd6
34. b6 Rb8 35. b7 f5 36. Nxd6 Kxd6 37. c4 Rg6 38. Rd2+ Kc7 39. Rd7+ Kxd7 40.
Ne5+ Kc7 41. Nxg6 Kb6 42. Bb5 Rxb7 43. Nxf4 e5 44. Ng6 e4 45. Kb2 Rg7 46. Nf4
Rg4 47. Nd5+ Kc5 48. Ne3 Rf4 49. Nd1 Kd4 50. Kb3 Rf3+ 51. Kb4 Rd3 52. Ba4 f4
53. c5 e3 54. fxe3+ fxe3 55. Nxe3 Rxe3 56. Bd7 Re1 57. Ba4 Rb1+ 58. Bb3 Rc1 59.
Ka3 Kxc5 60. Kb2 Rg1 0-1

[Event "ENCI Limburg-open A"]
[Site "Maastricht"]
[Date "2007.05.26"]
[Round "2"]
[White "Polak, Indra"]
[Black "Schebler, Gerhard"]
[Result "0-1"]
[WhiteElo "2226"]
[BlackElo "2530"]
[PlyCount "60"]
[EventDate "2007.05.25"]
[EventType "swiss"]
[EventRounds "7"]
[EventCountry "NED"]
[Source "P.Boonen"]
[SourceDate "2010.01.01"]

1. e4 c5 2. Nf3 g6 3. d4 Bg7 4. Nc3 cxd4 5. Nxd4 Nc6 6. Be3 Nf6 7. Nxc6 bxc6 8.
e5 Ng8 9. f4 Nh6 10. Bc4 Nf5 11. Bf2 d6 12. Qf3 dxe5 13. fxe5 O-O 14. Qxc6 Rb8
15. O-O Bxe5 16. Rad1 Bb7 17. Qc5 Bd6 18. Qxa7 Qc7 19. Bd5 Bxh2+ 20. Kh1 e6 21.
Nb5 Qf4 22. Bxb7 Qh6 23. Rfe1 Ng3+ 24. Bxg3 Bxg3+ 25. Kg1 Qh2+ 26. Kf1 Qh1+ 27.
Ke2 Qh5+ 28. Bf3 Qxb5+ 29. Rd3 Bxe1 30. Kxe1 Qxb2 0-1

[Event "ENCI Limburg-open A"]
[Site "Maastricht"]
[Date "2007.05.26"]
[Round "2"]
[White "Renette, Hans"]
[Black "Skrijelj, Redzep"]
[Result "1/2-1/2"]
[WhiteElo "2241"]
[BlackElo "2006"]
[PlyCount "66"]
[EventDate "2007.05.25"]
[EventType "swiss"]
[EventRounds "7"]
[EventCountry "NED"]
[Source "P.Boonen"]
[SourceDate "2010.01.01"]

1. d4 d5 2. Nf3 Nf6 3. c4 c6 4. Qc2 e6 5. g3 Be7 6. Bg2 b6 7. O-O O-O 8. Nbd2
Bb7 9. b3 Nbd7 10. Bb2 Rc8 11. e4 dxe4 12. Nxe4 c5 13. Nxf6+ Bxf6 14. Ng5 Bxg5
15. Bxb7 Rc7 16. Bg2 cxd4 17. Bxd4 b5 18. Qc3 e5 19. Be3 bxc4 20. bxc4 Bxe3 21.
Qxe3 Nb6 22. Qxe5 Rxc4 23. Rad1 Qc7 24. Rfe1 g6 25. Qg5 Qc5 26. Re5 Qa3 27. Ra5
Ra4 28. Rxa4 Qxa4 29. Qd2 Rc8 30. h4 h5 31. Qe2 Rc3 32. Qd2 Rc8 33. Qe2 Re8
1/2-1/2